00829cam a22002297a 4500999001900000001000900019005001700028008004100045010001700086020001500103020001800118040000800136082002000144100003600164245006700200260004700267300005400314504006200368650004600430942001200476952011100488 c531674d5316741443327320191023114640.0060630s2005 enka b 001 0 eng c a 2006332669 a0195795652 a9780195795653 cDLC a599.095491bROB1 aRoberts, T. J.q(Tom J.)92462010aField guide to the small mammals of Pakistan /cT. J. Roberts. aKarachi :bOxford University Press,c2005. axxiii, 280 p. :bill. (some col.), maps ;c18 cm. aIncludes bibliographical references (p. [273]) and index. 0aMammalszPakistanxIdentification.924621 2ddccBK 00102ddc4070aNITbNITd2019-10-23l1o599.095491 ROBpNIT-7850r2019-11-12s2019-10-23w2019-10-23yBK